000 00366 a2200169 4500
001 72244
020 _a8526238787
040 _cAnchieta - Colégio São Paulo
100 _aClément, Claude
240 1 0 _aVovó Luci
_lpor
245 1 0 _aVovó Luci
300 _a32
362 0 _a2003
440 1 _aScipione
650 4 _aLiteratura infanto-juvenil
942 _cBK
999 _c72244
_d72244